Walford's Guide to reference Material (Record no. 1201)

MARC details
000 -LEADER
fixed length control field 00442nam a22001457a 4500
008 - FIXED-LENGTH DATA ELEMENTS--GENERAL INFORMATION
fixed length control field 230619b xxu||||| |||| 00| 0 eng d
020 ## - INTERNATIONAL STANDARD BOOK NUMBER
International Standard Book Number 0853655642
082 ## - DEWEY DECIMAL CLASSIFICATION NUMBER
Classification number 011.2
Item number WAL
100 ## - MAIN ENTRY--PERSONAL NAME
Titles and words associated with a name A.J Walford
245 ## - TITLE STATEMENT
Title Walford's Guide to reference Material
Remainder of title Fourth Edittion Volume 2
Statement of responsibility, etc. Social & Historical Sciences, Philosophy & Religion
260 ## - PUBLICATION, DISTRIBUTION, ETC. (IMPRINT)
Place of publication, distribution, etc. Britain
Name of publisher, distributor, etc. Library Association
Date of publication, distribution, etc. 1982
300 ## - PHYSICAL DESCRIPTION
Extent 812p
440 ## - SERIES STATEMENT/ADDED ENTRY--TITLE
Volume/sequential designation Volume 2
942 ## - ADDED ENTRY ELEMENTS (KOHA)
Source of classification or shelving scheme Dewey Decimal Classification
Koha item type Books
Holdings
Withdrawn status Lost status Source of classification or shelving scheme Damaged status Not for loan Home library Current library Date acquired Total Checkouts Full call number Barcode Date last seen Copy number Price effective from Koha item type
    Dewey Decimal Classification     County Hall Archives County Hall Archives 06/19/2023   011.2 WAL 10000784 06/19/2023 Vol 2 06/19/2023 Books
LIBRARY OPENING HOURS

When the Parliament is sitting: 8.00a.m - 7.00p.m or until the house adjourns
Mondays and Fridays and when the House is on Recess:  8.00a.m - 5.00p.m
Closed on Weekends and Public Holidays

Online Public Access Catalog (OPAC)
Website: http://www.parliament.go.ke
Bunge Library: https://libraryir.parliament.go.ke
Contact: library@parliament.go.ke | Tel no: (254-2)2221291 or 2848000 Ext 5043